Особенности противопожарных водопроводов в применении к Сибири; Известия института исследования Сибири, N4, Труды промышленно-технического отдела; № 1

Bibliographic Details
Parent link:Известия института исследования Сибири, N4, Труды промышленно-технического отдела
№ 1.— 1921.— С. 1-48
Main Author: Николин Я. И.
Language:Russian
Published: 1921
Subjects:
Format: Book Chapter
KOHA link:https://koha.lib.tpu.ru/cgi-bin/koha/opac-detail.pl?biblionumber=592158

MARC

LEADER 00000naa0a2200000 4500
001 592158
005 20250108142843.0
035 |a (RuTPU)RU\TPU\tpu\3539 
035 |a TPU00003539 
090 |a 592158 
100 |a 20011210d1921 k||y0rusy50 ca 
101 0 |a rus 
102 |a RU 
200 1 |a Особенности противопожарных водопроводов в применении к Сибири  |f Я. И. Николин 
461 |t Известия института исследования Сибири, N4, Труды промышленно-технического отдела 
463 |t № 1  |v С. 1-48  |d 1921 
610 1 |a строительное дело 
610 1 |a труды учёных ТПУ 
700 1 |a Николин  |b Я. И. 
801 0 |a RU  |b 63413507  |c 20011210  |g PSBO 
801 2 |a RU  |b 63413507  |c 20070312  |g PSBO 
942 |c CR